02235nam a22002537a 450000500170000000800410001702000180005804000070007604100120008308200160009510000450011124500860015626000320024230000240027436500550029852011890035365000230154265000590156565000540162494200120167899900190169095201360170995201360184520260130093730.0260129b |||||||| |||| 00| 0 eng d a9798885559621 cAL aEnglish a658.7bRANB aVillivalam Rangachari Rangarajan9253247 aBasics of Warehouse and inventory managementb: the pillars of business logistics aChennaibNotion Pressc2022 a131p.bPBc23x15cm. aXIHG-290485b₹208.62c₹d₹225.00f14-01-2026 a"With Logistics taking care of all movements,We can make our lives A movement" Thanks to the vision and efforts of the Indian Government headed by honorable and venerable Prime Minister Shri Narendra Modi, India is on the threshold of breaking in to a major global market leader. As a corollary, Chennai is bound to emerge as a world class industrial and warehouse hub. The way India maximized benefits of Logistics to tackle the pandemic was an eye opener for the world. I am proud to release this edition at this juncture. This edition is laid out as a beginner’s burrow. It may serve as a reference book too for learners in the early part of their Logistics career and serve as a valuable reference manual in warehouses too. If a practical and pragmatic look of how a warehouse takes shape, what all happens there, what delivers a complete guideline to manage a warehouse effectively and efficiently and what are the basics of controlling the Inventory, here is the book. I look forward to, and am sure, many in the learning community will hugely benefit from the knowledge enhancement process went through. I hope they will in future contribute to it as well. aManagement9253087 aWarehouse operations and physical distribution9253088 aInventory handling and control techniques9253089 2ddccBK c240838d240838 00102ddc40708MANaALbALcSKd2026-01-22eamazon.ing208.62l0o658.7 RANBp078076r2026-01-29 11:33:33v225.00w2026-01-14yBK 00102ddc40708MANaALbALcSKd2026-01-22eamazon.ing208.63l0o658.7 RANBp078077r2026-01-29 11:33:33v225.00w2026-01-14yBK